| 000 | 01794nam0a2200397 4500 | ||
|---|---|---|---|
| 001 | RU\NLR\BIBL_A\022765945 | ||
| 005 | 20260531100147.0 | ||
| 010 |
_a978-5-907396-56-2 _91000 |
||
| 021 |
_aRU _bКН-П-26-006961 _9КН-П-26-0677 |
||
| 035 | _a(NLR Aleph) 022765945 | ||
| 090 |
_a13717738 _c13717738 |
||
| 100 | _a20260325d2026 u y0rusy50 ca | ||
| 101 | 0 | _arus | |
| 102 | _aRU | ||
| 105 | _aach z 000zd | ||
| 181 | 0 |
_ai3 _baxxe |
|
| 182 | 0 | _an | |
| 200 | 1 |
_aВыкса. Большой театр _fЕлена Пенская, Наталья Голубева, Ольга Купцова |
|
| 203 |
_aТекст _bвизуальный _cнепосредственный |
||
| 210 |
_aМосква _cФонд "Связь эпох" _d2026 (печ. 2025) |
||
| 215 |
_a399 с. _cил., факс., цв. ил., портр., цв. портр. _d27 |
||
| 300 | _aНа 399-й с. 1-й авт.: Пенская Е. Н. - д-р филол. наук, проф. | ||
| 320 | _aБиблиогр. в примеч. | ||
| 320 | _aДр. кн. авт. на 399-й с. | ||
| 333 | _a6+ | ||
| 601 | 0 | 2 |
_aВыксунский театр _92711085 _3RU\NLR\AUTH\6601771191 |
| 686 | 1 | _aЩ333(2Р=Рус)92Выкса8Большой театр | |
| 700 | 1 |
_aПенская _bЕ. Н. _gЕлена Наумовна |
|
| 701 | 1 |
_7ca _8rus _aГолубева _bН. С. _cмузеевед _f1971- _gНаталья Сергеевна _9211868 _3RU\NLR\AUTH\770211924 |
|
| 701 | 1 |
_7ca _8rus _aКупцова _bО. Н. _cканд. филол. наук _gОльга Николаевна _9180023 _3RU\NLR\AUTH\770180074 |
|
| 712 | 0 | 2 |
_4570 _aВыксунский театр _92703429 _3RU\NLR\AUTH\880640904 |
| 942 | _cBOOK | ||
| 980 | _aNB | ||